000 00901cab a2200313 4500
001 ABS53227
008 090401t1995 xxu||||| |||| 00| 0 eng d
035 _a(Sirsi) u2761
041 _aeng
245 _aFocus `95: Staffordshire and Shropshire
260 _c1995
350 _a0
490 _aEstates Gazette
_v(9529) 22 July 1995, 73-105(16)
650 _aBURTON-ON-TRENT
650 _aCANNOCK
650 _aINDUSTRIAL MARKET
650 _aPROPERTY-COMMERCIAL PROPERTY-OFFICE PROPERTY-OFFICE PROPERTY MARKET
650 _aPROPERTY-COMMERCIAL PROPERTY-RETAIL PROPERTY-RETAIL PROPERTY MARKET
650 _aSHREWSBURY
650 _aSHROPSHIRE
650 _aSTAFFORD
650 _aSTAFFORDSHIRE
650 _aSTOKE-ON-TRENT
650 _aTAMWORTH
650 _aTELFORD
690 _aPROPERTY-COMMERCIAL PROPERTY-COMMERCIAL PROPERTY MARKET
942 _n0
948 _c04/03/1997
999 _c1661
_d1661